000 00474nam a2200181Ia 4500
008 090124s9999 xx 000 0 und d
082 _b128551
100 _aनरवणे सुधा
245 _a लामणदिवा
250 _a1
260 _c1998
300 _a176
600 _aनरवणे सुधा
630 _a लामणदिवा
700 _aनरवणे सुधा
730 _a लामणदिवा
942 _cBOOK
999 _c174640
_d174640